[Event "Mallorca-chT Preferente"]
[Site "Mallorca"]
[Date "2021.03.13"]
[Round "2"]
[White "Munoz Visiedo, Juan Carlos"]
[Black "Martin Mascaro, Juan"]
[Result "0-1"]
[WhiteElo "2075"]
[BlackElo "1953"]
[PlyCount "44"]
[EventDate "2021.03.06"]
[EventType "team-swiss"]
[EventRounds "7"]
[EventCountry "ESP"]
[SourceTitle "EXT 2023"]
[Source "ChessBase"]
[SourceDate "2022.10.05"]
[SourceVersion "1"]
[SourceVersionDate "2022.10.05"]
[SourceQuality "1"]
[WhiteTeam "Sa Dragonera"]
[BlackTeam "Balanguera"]
[WhiteTeamCountry "ESP"]
[BlackTeamCountry "ESP"]

1. e4 e6 2. d4 d5 3. exd5 exd5 4. c4 c6 5. Nc3 Nf6 6. Bg5 Be7 7. Nf3 Bg4 8. Bxf6 Bxf6 9. cxd5 0-0 10. Be2 cxd5 11. 0-0 Nc6 12. h3 Bf5 13. Bd3 Bxd3 14. Qxd3 Qd7 15. Rad1 Rad8 16. Rfe1 Rfe8 17. Rxe8+ Rxe8 18. Ne5 Nxe5 19. dxe5 Bxe5 20. Nxd5 Qe6 21. b3 Bb8 22. Qf5 Qe1+ 0-1

[Event "Mallorca-ch Primera"]
[Site "Palma"]
[Date "2017.12.03"]
[Round "2.5"]
[White "Gallardo Pina, Neus"]
[Black "Martin Mascaro, Juan"]
[Result "1-0"]
[WhiteElo "1852"]
[BlackElo "1927"]
[PlyCount "77"]
[EventDate "2017.12.02"]
[EventType "swiss"]
[EventRounds "6"]
[EventCountry "ESP"]
[SourceTitle "EXT 2024"]
[Source "ChessBase"]
[SourceDate "2023.10.10"]
[SourceVersion "1"]
[SourceVersionDate "2023.10.10"]
[SourceQuality "1"]

1. f4 d6 2. e4 e5 3. d3 Nc6 4. Nc3 Nf6 5. Nf3 Bg4 6. Be2 Be7 7. 0-0 h5 8. fxe5 dxe5 9. Be3 Qd7 10. Ng5 Nd4 11. h3 Bxe2 12. Nxe2 Bc5 13. Nxd4 Bxd4 14. Qc1 0-0-0 15. a4 Rhf8 16. Nf3 Qe7 17. Nxd4 exd4 18. Bg5 Rde8 19. Rf5 Qd6 20. Qe1 Nd7 21. Qf2 f6 22. Bf4 Qb6 23. Rb5 Qc6 24. Qxd4 g5 25. Be3 a6 26. Rd5 Re5 27. c4 Rfe8 28. Qa7 Rxd5 29. cxd5 Qd6 30. Rc1 Kd8 31. Qxb7 Qg3 32. Qa7 f5 33. Bf2 Qf4 34. Rc6 Nf6 35. Rxf6 Qc1+ 36. Kh2 h4 37. Rxf5 Re5 38. Rf8+ Kd7 39. Qa8 1-0

[Event "Mallorca-chT Preferente"]
[Site "Mallorca"]
[Date "2016.03.05"]
[Round "2.5"]
[White "Tegtmeyer, Tim Niko"]
[Black "Martin Mascaro, Juan"]
[Result "1/2-1/2"]
[WhiteElo "1875"]
[BlackElo "1900"]
[PlyCount "89"]
[EventDate "2016.03.01"]
[EventType "team-tourn"]
[EventRounds "9"]
[EventCountry "ESP"]
[SourceTitle "EXT 2024"]
[Source "ChessBase"]
[SourceDate "2023.10.10"]
[SourceVersion "1"]
[SourceVersionDate "2023.10.10"]
[SourceQuality "1"]
[WhiteTeam "Blau Escacs Calvia"]
[BlackTeam "La Balanguera"]
[WhiteTeamCountry "ESP"]
[BlackTeamCountry "ESP"]

1. e4 g6 2. Nf3 Bg7 3. d4 d6 4. Be3 Nd7 5. Bc4 h6 6. h3 c6 7. c3 b5 8. Bd3 Qc7 9. Nbd2 e5 10. 0-0 Ne7 11. Rc1 0-0 12. b4 f5 13. Nb3 fxe4 14. Bxe4 d5 15. Bb1 e4 16. Nh2 Nf6 17. Qd2 Kh7 18. Bf4 Qd8 19. Be5 Nf5 20. Nc5 Qe7 21. Qe2 Nd7 22. Bxg7 Kxg7 23. Ng4 Nxc5 24. bxc5 Nh4 25. Qe3 Bxg4 26. hxg4 Nxg2 27. Kxg2 Rf3 28. Qe1 Qg5 29. Rg1 Raf8 30. Rc2 Qxg4+ 31. Kf1 Qh3+ 32. Ke2 Qh5 33. Kd2 Qh2 34. Kc1 Qf4+ 35. Kb2 Rxf2 36. Rg2 Rxg2 37. Rxg2 g5 38. Qg1 a5 39. Bc2 Qf1 40. Qh2 Qf4 41. Qh3 Qf3 42. Rg3 Qf5 43. Qh5 b4 44. Rh3 Qf6 45. Qg4 1/2-1/2